书目信息 |
| 题名: |
只闻花香, 不谈悲喜
|
|
| 作者: | 芳琼 编著 | |
| 分册: | ||
| 出版信息: | 天津 天津人民出版社 2018 |
|
| 页数: | 244页 | |
| 开本: | 24cm | |
| 丛书名: | ||
| 单 册: | ||
| 中图分类: | K826.16=71 , B825.5 | |
| 科图分类: | ||
| 主题词: | 修养--xiu yang--女性读物 | |
| 电子资源: | ||
| ISBN: | 978-7-201-12272-4 | |
| 000 | 01159nam0 2200277 450 | |
| 001 | 012001007186 | |
| 005 | 20131018165625.0 | |
| 010 | @a978-7-201-12272-4@dCNY48.00 | |
| 099 | @aCAL 012018199855 | |
| 100 | @a20180930d2018 em y0chiy50 ea | |
| 101 | 0 | @achi |
| 102 | @aCN@b120000 | |
| 105 | @ay z 000yd | |
| 106 | @ar | |
| 200 | 1 | @a只闻花香, 不谈悲喜@Azhi wen hua xiang , bu tan bei xi@e做林徽因一样的气质女子@f芳琼编著 |
| 210 | @a天津@c天津人民出版社@d2018 | |
| 215 | @a244页@d24cm | |
| 330 | @a本书为您展示了一个真实而立体的林徽因, 从家世到最终的林徽因逝世, 跟您一起分享这位民国时期最有魅力的女子在如何展示自己的魅力、增长自己的学识, 经营自己的婚姻、打理自己的生活, 发展自己的事业及如何成为成功的女性等各方面的经验, 并将这些经验运用到自己的生活中去, 最终使你成为一个家庭幸福、事业有成的气质女性。 | |
| 517 | 1 | @a做林徽因一样的气质女子@Azuo lin hui yin yi yang de qi zhi nv zi |
| 600 | 0 | @a林徽因,@Alin hui yin@f1904-1955@x生平事迹 |
| 606 | 0 | @a修养@Axiu yang@j女性读物 |
| 690 | @aK826.16=71@v5 | |
| 690 | @aB825.5@v5 | |
| 701 | 0 | @a芳琼@Afang qiong@4编著 |
| 801 | 0 | @aCN@b上海新华@c20191020 |
| 905 | @b1176219-22@dK826.16=71@e109@f4 | |
| 只闻花香, 不谈悲喜:做林徽因一样的气质女子/芳琼编著.-天津:天津人民出版社,2018 |
| 244页;24cm |
| ISBN 978-7-201-12272-4:CNY48.00 |
| 本书为您展示了一个真实而立体的林徽因, 从家世到最终的林徽因逝世, 跟您一起分享这位民国时期最有魅力的女子在如何展示自己的魅力、增长自己的学识, 经营自己的婚姻、打理自己的生活, 发展自己的事业及如何成为成功的女性等各方面的经验, 并将这些经验运用到自己的生活中去, 最终使你成为一个家庭幸福、事业有成的气质女性。 |
| ● |
| 相关链接 |
|
|
|
|
正题名:只闻花香, 不谈悲喜
索取号:K826.16=71/109
 
预约/预借
| 序号 | 登录号 | 条形码 | 馆藏地/架位号 | 状态 | 备注 |
| 1 | 1176219 | 211762190 | 第二样本阅览室/ [索取号:K826.16=71/109] | 在馆 | |
| 2 | 1176220 | 211762207 | 第二借阅区/ [索取号:K826.16=71/109] | 在馆 | |
| 3 | 1176221 | 211762216 | 第二借阅区/ [索取号:K826.16=71/109] | 在馆 | |
| 4 | 1176222 | 211762225 | 第二借阅区/ [索取号:K826.16=71/109] | 在馆 |